[Event "Wincl Vs Adclar rd02"]
[Site "http://www.queenalice.com/game.php?id=3774"]
[Date "2005.1.13"]
[Round "-"]
[White "Winclick"]
[Black "Adclaran"]
[Result "0-1"]
[WhiteElo "1644"]
[BlackElo "1855"]

1. d4 Nf6 2. c4 e6 3. Nc3 Bb4 4. e3 O-O 5. Bd3 c5 6. a3 Bxc3+ 7. bxc3 Nc6 8. Ne2
b6 9. e4 Ne8 10. Qc2 d6 11. e5 f5 12. exf6 Nxf6 13. Bg5 h6 14. Be3 e5 15. O-O
Qe7 16. f3 exd4 17. Bf2 dxc3 18. Nf4 Ne5 19. Rfe1 Qf7 20. Qxc3 Nxd3 21. Qxd3 Ba6
22. Rac1 Rae8 23. Rxe8 Rxe8 24. Bg3 Nd7 25. Nd5 Ne5 26. Bxe5 Rxe5 27. Nc3 Qf4
28. Rd1 Bxc4 29. Qd2 Qxd2 30. Rxd2 d5 31. Kf2 Kf7 32. g4 g5 33. a4 Ke6 34. a5 b5
0-1

[Event "Challenge"]
[Site "http://www.queenalice.com/game.php?id=5838"]
[Date "2005.2.23"]
[Round "-"]
[White "mandaragit"]
[Black "Adclaran"]
[Result "1/2-1/2"]
[WhiteElo "1971"]
[BlackElo "1841"]

1. d4 f5 2. g3 Nf6 3. Bg2 e6 4. Nf3 Be7 5. O-O O-O 6. c4 d6 7. Nc3 Ne4 8. Bd2
Bf6 9. Qc2 Nxd2 10. Qxd2 Nc6 11. e4 e5 12. d5 Nb8 13. exf5 Bxf5 14. Ne1 Nd7 15.
Nd3 a5 16. Ne4 Qe8 17. b3 Qg6 18. Rae1 Be7 1/2-1/2

[Event "Challenge"]
[Site "http://www.queenalice.com/game.php?id=6177"]
[Date "2005.3.3"]
[Round "-"]
[White "Adclaran"]
[Black "jimwilson"]
[Result "1-0"]
[WhiteElo "1863"]
[BlackElo "1657"]

1. e4 c6 2. Nc3 d5 3. Nf3 Bg4 4. h3 Bxf3 5. Qxf3 e6 6. d3 Bb4 7. Qg3 g6 8. a3
Be7 9. Bf4 Nd7 10. Be2 d4 11. Bc7 Bh4 12. Qf4 Qf6 13. Nb1 Qxf4 14. Bxf4 e5 15.
Bh2 Ne7 16. Nd2 f5 17. Nc4 Bf6 18. Nd6+ Kf8 19. exf5 gxf5 20. f4 Rg8 21. g4 Bh4+
22. Kd2 exf4 23. Bxf4 Nc5 24. Bh6+ 1-0

[Event "Let's Play Chess!"]
[Site "http://www.queenalice.com/game.php?id=8656"]
[Date "2005.4.3"]
[Round "-"]
[White "NextFuture"]
[Black "Adclaran"]
[Result "0-1"]
[WhiteElo "2041"]
[BlackElo "1940"]

1. f4 b6 2. Nf3 Bb7 3. e3 g6 4. Be2 Bg7 5. O-O f5 6. c4 Nf6 7. Nc3 O-O 8. Rb1
Ne4 9. Nxe4 fxe4 10. Ng5 e5 11. d4 exd4 12. exd4 h6 13. Nh3 Nc6 14. Be3 d5 15.
f5 Ne7 16. fxg6 Nf5 17. Qd2 Nxe3 18. Qxe3 c5 19. dxc5 d4 20. Qb3 d3 21. Bg4 Qd4+
22. Kh1 e3 23. c6 Bxc6 24. c5+ Kh8 25. Qe6 Bd5 26. Qd7 e2 0-1

[Event "Let's Play Chess!"]
[Site "http://www.queenalice.com/game.php?id=8657"]
[Date "2005.4.3"]
[Round "-"]
[White "Adclaran"]
[Black "NextFuture"]
[Result "1-0"]
[WhiteElo "1888"]
[BlackElo "2064"]

1. e4 e5 2. Nf3 Nc6 3. Nc3 Nf6 4. g3 Bb4 5. Bg2 d6 6. d3 Bg4 7. h3 Bh5 8. O-O
Qd7 9. Be3 O-O-O 10. Nd5 Nxd5 11. exd5 Ne7 12. c3 Bc5 13. d4 e4 14. dxc5 Bxf3
15. c6 bxc6 16. Qa4 c5 17. Qxa7 Qb5 18. b4 Bxg2 19. Kxg2 Kd7 20. bxc5 dxc5 21.
c4 Qxc4 22. Rfc1 Qe2 23. Qa4+ Kc8 24. Rxc5 1-0

[Event "Let's Play Chess!"]
[Site "http://www.queenalice.com/game.php?id=8658"]
[Date "2005.4.3"]
[Round "-"]
[White "NextFuture"]
[Black "Adclaran"]
[Result "1/2-1/2"]
[WhiteElo "2068"]
[BlackElo "1984"]

1. e4 e6 2. d4 d5 3. e5 c5 4. c3 Nc6 5. Be3 Nge7 6. Nf3 Nf5 7. Nbd2 Bd7 8. g4
Nxe3 9. fxe3 f6 10. exf6 gxf6 11. e4 cxd4 12. Nxd4 Nxd4 13. cxd4 f5 14. h4 fxe4
15. g5 Qb6 16. Qh5+ Kd8 17. O-O-O Rc8+ 18. Kb1 Bd6 19. Nb3 Kc7 20. Qf7 Rcd8 21.
Rc1+ Kb8 22. h5 Ba4 23. Rh3 Rc8 24. Rxc8+ Rxc8 25. Be2 Qb4 26. Qf1 Bxb3 27. Rxb3
Qxd4 28. Ba6 Rc7 29. a3 Qg7 30. Qg2 Bf4 31. g6 hxg6 32. hxg6 e5 33. Bb5 Qf6 34.
Be8 e3 35. Bf7 Rxf7 36. gxf7 Qxf7 37. Rb5 a6 38. Rc5 d4 39. Qe4 Qb3 40. Rxe5
Qd1+ 41. Ka2 Bxe5 42. Qxe5+ Kc8 43. Qe6+ Kc7 1/2-1/2

[Event "Let's Play Chess!"]
[Site "http://www.queenalice.com/game.php?id=8659"]
[Date "2005.4.3"]
[Round "-"]
[White "Adclaran"]
[Black "NextFuture"]
[Result "1-0"]
[WhiteElo "1911"]
[BlackElo "2043"]

1. e4 c5 2. Nc3 Nc6 3. f4 g6 4. Nf3 Bg7 5. Bb5 Qa5 6. Bxc6 bxc6 7. O-O Ba6 8. d3
Rb8 9. Qe1 Nf6 10. f5 O-O 11. e5 Ne8 12. Qh4 Qd8 13. fxg6 fxg6 14. Bh6 Rb4 15.
Ne4 Rxe4 16. dxe4 Bxf1 17. Ng5 Bxe5 18. Bxf8 Nf6 19. Rxf1 Qxf8 20. Nxh7 Qg7 21.
Nxf6+ Bxf6 22. Qg4 e6 23. c3 1-0

[Event "Let's Play Chess!"]
[Site "http://www.queenalice.com/game.php?id=8660"]
[Date "2005.4.3"]
[Round "-"]
[White "NextFuture"]
[Black "Adclaran"]
[Result "0-1"]
[WhiteElo "2117"]
[BlackElo "1960"]

1. d4 f5 2. h3 Nf6 3. g4 d5 4. g5 Ne4 5. Nf3 c5 6. e3 Nc6 7. Nbd2 e6 8. h4 Bd7
9. c4 Qb6 10. Qb3 Qxb3 11. axb3 Nb4 12. Rb1 Rc8 13. dxc5 Bxc5 14. Ne5 Bc6 15.
Nxe4 dxe4 16. Bd2 O-O 17. Bc3 Rcd8 18. Be2 f4 19. Bg4 Rd6 20. Rh3 f3 21. Kf1
Rfd8 22. Kg1 Na2 23. Bd4 Bxd4 24. exd4 Rxd4 25. Bxe6+ Kf8 26. Ng4 Ke7 27. Bd5
Bxd5 28. cxd5 R4xd5 29. Ne3 Rd2 30. h5 Ke6 31. Rh4 R8d4 32. h6 g6 33. Rf4 Nb4
34. Ra1 Nd5 35. Nxd5 Rd1+ 36. Rxd1 Rxd1+ 37. Kh2 Kxd5 38. Rf7 Ke6 39. Rf8 Rd5
40. Re8+ Kf5 41. Kg3 Rd1 0-1

[Event "Let's Play Chess!"]
[Site "http://www.queenalice.com/game.php?id=8661"]
[Date "2005.4.3"]
[Round "-"]
[White "Adclaran"]
[Black "NextFuture"]
[Result "1/2-1/2"]
[WhiteElo "1882"]
[BlackElo "2043"]

1. e4 Nf6 2. e5 Nd5 3. c4 Nb6 4. d4 d6 5. exd6 exd6 6. Nc3 Nc6 7. Be3 Be7 8. Nf3
Bg4 9. h3 Bh5 10. g4 Bg6 11. d5 Nb4 12. Rc1 Qd7 13. a3 1/2-1/2

[Event "AUTO-OPEN-21"]
[Site "http://www.queenalice.com/game.php?id=10062"]
[Date "2005.4.17"]
[Round "2"]
[White "lea_dc"]
[Black "Adclaran"]
[Result "0-1"]
[WhiteElo "1381"]
[BlackElo "1982"]

1. e4 e6 2. d4 d5 3. Nd2 c5 4. exd5 Qxd5 5. dxc5 Bxc5 6. Ngf3 Nf6 7. Bc4 Qc6 8.
a4 O-O 9. O-O b6 10. Nb3 Bxf2+ 11. Rxf2 Qxc4 12. Bg5 Ne4 13. Rf1 Bb7 14. Be3 Nc6
15. Qd7 Qxc2 16. Qxb7 Qxb3 17. Bc1 Rac8 18. Nd4 Nxd4 19. Qxe4 Qc4 20. Kh1 Qxf1#
0-1

[Event "AUTO-OPEN-21"]
[Site "http://www.queenalice.com/game.php?id=10063"]
[Date "2005.4.17"]
[Round "2"]
[White "Adclaran"]
[Black "lea_dc"]
[Result "0-1"]
[WhiteElo "1922"]
[BlackElo "1365"]

1. e4 c5 2. Nc3 Nc6 3. f4 d6 4. Bc4 Nf6 5. Nf3 e6 6. d3 d5 7. Bb5 a6 8. Bxc6+
bxc6 9. Qe2 Be7 10. O-O O-O 11. Kh1 Nd7 12. f5 d4 13. fxe6 fxe6 14. Nb1 e5 15.
Nbd2 Nf6 16. Nxe5 Qc7 17. Ndc4 Be6 18. Bf4 Qb7 19. b3 Rac8 20. Qf3 Nd7 21. Nxd7
Bxd7 22. Qg3 Be6 23. Be5 g6 24. Nd6 Bxd6 25. Bxd6 Rf7 26. Bxc5 Qd7 0-1

[Event "Let's Play Chess!"]
[Site "http://www.queenalice.com/game.php?id=13351"]
[Date "2005.5.17"]
[Round "-"]
[White "Adclaran"]
[Black "SengTeoh"]
[Result "0-1"]
[WhiteElo "1932"]
[BlackElo "2074"]

1. e4 c5 2. Nc3 d6 3. f4 Nc6 4. Nf3 g6 5. Bc4 Bg7 6. O-O Nf6 7. d3 Bg4 8. h3
Bxf3 9. Qxf3 Nd4 10. Qf2 O-O 11. Be3 e6 12. a3 a6 13. e5 Nd7 0-1

[Event "Let's Play Chess!"]
[Site "http://www.queenalice.com/game.php?id=13639"]
[Date "2005.5.20"]
[Round "-"]
[White "Adclaran"]
[Black "waltc"]
[Result "0-1"]
[WhiteElo "1922"]
[BlackElo "2016"]

1. e4 e5 2. Nf3 Nc6 3. Nc3 Nf6 4. g3 Bb4 5. Bg2 O-O 6. O-O d6 7. d3 Bg4 8. h3
Bxf3 9. Bxf3 Nd4 10. Bg2 c6 11. Ne2 Bc5 12. c3 Nxe2+ 13. Qxe2 a5 14. Be3 Nd7 0-1

[Event "Let's Play Chess!"]
[Site "http://www.queenalice.com/game.php?id=13640"]
[Date "2005.5.20"]
[Round "-"]
[White "waltc"]
[Black "Adclaran"]
[Result "1-0"]
[WhiteElo "2028"]
[BlackElo "1910"]

1. e4 e6 2. d4 d5 3. Nd2 c5 4. exd5 Qxd5 5. Ngf3 cxd4 6. Bc4 Qd6 7. O-O Nf6 8.
Re1 Nc6 9. Nb3 a6 10. Nbxd4 Nxd4 11. Nxd4 Qc7 12. Bb3 Bd6 13. h3 1-0